| 000 | 02277cam a2200409 i 4500 | ||
|---|---|---|---|
| 001 | zz2004797633 | ||
| 003 | NUKAT | ||
| 005 | 20260427224624.0 | ||
| 008 | 041224s1923 pl |000 0 pol c | ||
| 035 | _a(OCoLC)749457361 | ||
| 035 | _a(NUKAT)zz2004797633 | ||
| 040 |
_aGD U/TZ _bpol _erda _cGD U/TZ _dGD U/TZ _dGD U/TZs _dKR PAU/JK _dWA U/JS _dTOR U/kn _dWA U/AWU _dKR 048/RW |
||
| 100 | 1 |
_aRafacz, Józef _d(1890-1944). _eAutor _940725 |
|
| 245 | 1 | 0 |
_aZastępcy stron w dawnym procesie polskim / _cJózef Rafacz. |
| 260 |
_aKraków : _bPolska Akademja Umiejętności ; _aWarszawa [i pozostałe] : _bSkład Główny w Księgarniach Gebethnera i Wolffa, _c1923 _e(Kraków : _fDrukarnia Uniwersytetu Jagiellońskiego). |
||
| 300 |
_a91 stron ; _c25 cm. |
||
| 336 |
_aTekst _btxt _2rdacontent |
||
| 337 |
_aBez urządzenia pośredniczącego _bn _2rdamedia |
||
| 338 |
_aWolumin _bnc _2rdacarrier |
||
| 380 | _aKsiążki | ||
| 490 | 1 |
_aRozprawy / Polska Akademja Umiejętności. Wydział Historyczno-Filozoficzny ; _vser. 2, t. 38 [właściwie 39] (ogólnego zbioru t. 64), nr 8 [właściwie 2] |
|
| 500 | _aWidniejąca na stronie tytułowej jako numer rozprawy cyfra 8 jest błędna. W wydawniczym spisie treści załączonym wraz z kartą tytułową do tomu 38 (właściwie 39) = (ogólnego zbioru t. 64) niniejsza rozprawa oznaczona została numerem 2 wśród 5 rozpraw tworzących ten tom. | ||
| 530 | _aDostępny również w formie elektronicznej. | ||
| 650 | 7 |
_aProcesy sądowe _2DBN _940639 |
|
| 650 | 4 |
_aPostępowanie (prawo) _zPolska _xhistoria. _2kaba _98145 |
|
| 650 | 7 |
_aPrzedstawicielstwo (prawo) _zPolska _xhistoria. _2kaba _940726 |
|
| 651 | 7 |
_aPolska _2DBN _935076 |
|
| 658 | _aPrawo i wymiar sprawiedliwości | ||
| 710 | 2 |
_aPolska Akademia Umiejętności (1919-1952). _eWydawca _4pbl _91634 |
|
| 710 | 2 |
_aGebethner i Wolff. _eDystrybucja _4dst _91246 |
|
| 710 | 2 |
_aDrukarnia Uniwersytetu Jagiellońskiego. _eDruk _4prt _9536 |
|
| 830 | 0 |
_aRozprawy Polskiej Akademii Umiejętności. _pWydział Historyczno-Filozoficzny _vser. 2, t. 39 = 64, nr 2 _92632 |
|
| 856 | 4 | 1 | _uhttp://kpbc.umk.pl/publication/71096 |
| 856 | 4 | 1 | _uhttp://ebuw.uw.edu.pl/dlibra/publication/125765 |
| 856 | 4 | 8 |
_3Okładka _uhttp://www.nukat.edu.pl/nukat/icov/TORU/zz2004797633.jpg |
| 942 |
_2ddc _cBK_NM |
||
| 999 |
_c27824 _d27824 |
||